Электронные устройства автоматики: учебник

Bibliografiske detaljer
Hovedforfatter: Андреев Ф. Ф. Фендор Федорович
Summary:Загл. 1-го изд.: Электронные устройства автоматики и их расчет
Sprog:russisk
Udgivet: Москва, Машиностроение, 1978
Udgivelse:2-е изд., перераб. и доп.
Fag:
Format: MixedMaterials Bog
KOHA link:https://koha.lib.tpu.ru/cgi-bin/koha/opac-detail.pl?biblionumber=47831

MARC

LEADER 00000nam0a2200000 4500
001 47831
005 20231101211119.0
035 |a (RuTPU)RU\TPU\book\50017 
090 |a 47831 
100 |a 20030226d1978 m y0rusy50 ca 
101 0 |a rus 
102 |a RU 
105 |a a j 001zy 
200 1 |a Электронные устройства автоматики  |e учебник  |f Ф. Ф. Андреев 
205 |a 2-е изд., перераб. и доп. 
210 |a Москва  |c Машиностроение  |d 1978 
215 |a 335 с.  |c ил. 
300 |a Загл. 1-го изд.: Электронные устройства автоматики и их расчет 
320 |a Библиогр.: с. 332. 
606 |a Электронные приборы  |x Применение в схемах автоматики  |2 stltpush  |3 (RuTPU)RU\TPU\subj\20475  |9 45576 
610 1 |a автоматика 
610 1 |a устройства 
610 1 |a применение 
610 1 |a схемы 
610 1 |a усилители 
610 1 |a выпрямители 
610 1 |a стабилизаторы 
610 1 |a генераторы 
610 1 |a реле 
610 1 |a радиоэлектронные приборы 
610 1 |a учебники 
675 |a 62-523(075.3)  |v 3 
675 |a 621.527.7(075.3)  |v 3 
700 1 |a Андреев  |b Ф. Ф.  |g Фендор Федорович 
801 1 |a RU  |b 63413507  |c 20030226  |g PSBO 
801 2 |a RU  |b 63413507  |c 20171006  |g PSBO 
942 |c BK